| 000 | 00000nam##2200000za#4500 |
| 001 | 9.608097 |
| 003 | CaOODSP |
| 005 | 20241120095144 |
| 007 | cr ||||||||||| |
| 008 | 150406|2014||||xxc|||||o f|0| 0 fre|d |
| 020 | |a978-0-660-23071-9 |
| 022 | |a1705-5814 |
| 040 | |aCaOODSP|bfre |
| 043 | |an-cn--- |
| 086 | 1 |aFo113-1/93-2014F-PDF |
| 110 | 1 |aCanada.|bRessources naturelles Canada. |bService canadien des forêts. |
| 245 | 13|aLa lutte contre l'agrile du frêne : |h[ressource électronique]|ble secret est dans les champignons / |c[publié par le] Centre de foresterie des Laurentides. |
| 260 | |aQuébec - Québec : |bRessources naturelles Canada. |c2014. |
| 300 | |a2p.|bphotographies |
| 490 | 1 |aL'éclaircie du Service canadien des forêts, Centre de foresterie des Laurentides|x1705-5814|v93 |
| 590 | |a15-12|b2015-03-20 |
| 775 | 08|tControlling the emerald ash borer : |w(CaOODSP)9.581268 |
| 776 | 0#|tLutte contre l'agrile du frêne : |w(CaOODSP)9.590677 |
| 830 | #0|aL'éclaircie du Service canadien des forêts, Centre de foresterie des Laurentides,|x1705-5814|v93|w(CaOODSP)9.501099 |
| 856 | 40|ahttp://publications.gc.ca|qPDF|s1.46 Mo|uhttps://publications.gc.ca/collections/collection_2015/rncan-nrcan/Fo113-1-93-2014-fra.pdf|y93 |